000 01187cab a2200265 4500
001 X1260
008 090401t1993 xxu||||| |||| 00| 0 eng d
035 _a(Sirsi) u15866
041 _aeng
245 _aRates on unoccupied property
260 _c1993
350 _a0
490 _aEstates Gazette Case Summaries
_v(1993) EGCS 212(1) (8/1/94)
520 _a"Re Leigh Estates (UK) Ltd" ChD 8 December 1993. A petition for the compulsory winding up of a company in receivership which had failed to pay rates on unoccupied property, was dismissed. In seeking to recover rates from the receivers, the council was not acting in the interests of the class of unsecured creditors. The court would not decide on the interpretation of Local Government Finance Act 1988 ss45 and 65(1) and the liability of receivers, following a winding up of the company, to pay the unpaid rates.
650 _aCOMMON COUNCIL OF THE CITY OF LONDON
650 _aLIABILITY
650 _aMOUNTLEIGH
650 _aRATES
650 _aRECEIVERSHIP
650 _aUNOCCUPIED PROPERTY
650 _aUNSECURED CREDITORS
690 _aRATING AND VALUATION-CASE LAW
942 _n0
948 _c04/03/1997
999 _c10446
_d10446